[Event "Hosur op 3rd"]
[Site "Hosur"]
[Date "2023.02.04"]
[Round "7"]
[White "Jai Kamalesh, S."]
[Black "Ram, S Krishnan"]
[Result "0-1"]
[WhiteElo "1564"]
[BlackElo "2002"]
[PlyCount "108"]
[EventDate "2023.02.01"]
[EventType "swiss"]
[EventRounds "9"]
[EventCountry "IND"]
[SourceTitle "CBM 212 Extra"]
[Source "ChessBase"]
[SourceDate "2023.03.31"]
[SourceVersion "1"]
[SourceVersionDate "2023.03.31"]
[SourceQuality "1"]

1. d4 d6 2. c4 e5 3. dxe5 dxe5 4. Qxd8+ Kxd8 5. Nf3 f6 6. Bd2 Be6 7. b3 Nd7 8. Bc3 c6 9. Nbd2 Kc7 10. e3 Ne7 11. Bd3 a5 12. Ke2 Nc8 13. Bc2 Ncb6 14. Rhd1 Bb4 15. Bb2 a4 16. Ne4 Ra7 17. Bd3 Rha8 18. Rdc1 Be7 19. Ned2 g6 20. Bc3 Nc5 21. Bc2 Na6 22. Ne4 Nd7 23. Ned2 Nb4 24. Bxb4 Bxb4 25. bxa4 Nb6 26. Bb3 Nxa4 27. Ne4 Be7 28. h3 f5 29. Nc3 Nc5 30. Rab1 e4 31. Nd4 Bg8 32. f3 exf3+ 33. gxf3 Bf6 34. Rd1 Re8 35. Kf2 Bh4+ 36. Ke2 Bg5 37. Nc2 Raa8 38. Kf2 Re7 39. f4 Bf6 40. Ne2 Rae8 41. Kf3 h6 42. Rg1 Bf7 43. Rbd1 g5 44. Ng3 Ne4 45. Rd3 g4+ 46. hxg4 fxg4+ 47. Kg2 Nxg3 48. Kxg3 Bg6 49. Rdd1 h5 50. f5 Bxf5 51. Kf4 Bg6 52. Kg3 Bxc2 53. Bxc2 Rxe3+ 54. Kf4 Rf3# 0-1